Guess the General 2 - Statistics

General Stats
  • This quiz has been taken 16 times
  • The average score is 10 of 15
Answer Stats
Hint Answer % Correct
Conqueror of The Known World. Was very successful from a young agebut also died very young and his empire was split amongst his generals. Alexander the Great
92%
Man who established the great Mongol Empire. Genghis Khan
92%
An infamous ruler known for his cruelty. Despite that he founded Russian state. Ivan the Terrible
92%
The person who Dracula is based off. Vlad the Impaler
92%
The best of all Confederate generals won multiple battles against the odds. Robert Lee
83%
German general during WWI and also German president during the 1920s and 30s. Paul von Hindenburg
75%
Leader of Vichy France and first opponent to the "Cult of the Offensive," theory. Philippe Petain
75%
Once ally then turned enemy of Caesar. Known as "The Great" however, thisnickname was given ironically. Pompey Magnus
75%
Chinese general during the War of the Three Kingdoms. Always dreamed of uniting China but never succeeded. Cao Cao
67%
Loyal Caesarean who famously had a relationship with Cleopatra and a rivalry against Augustus. Marc Antony
58%
Former slave and hero of Haitian War of Independence. Toussaint Louverture
50%
Swedish king who won great victories during the Great Northern War at a very young age. Charles XII
42%
Known for his general incompetence. Ran against Abraham Lincoln in the Election of 1864. George McClellan
42%
Augustus's right hand man and mastermind of Augustus's militaryvictories. Marcus Agrippa
42%
One of Napoleon's highest ranking generals. Was made King of Naplesby Napoleon. Joachim Murat
33%
No matching quizzes found
Score Distribution
Percent of People with Each Score
Percentile by Number Answered
Your Score History
You have not taken this quiz